Sports Quiz

Random Sports or MLB Quiz
Score 0/42 Timer 03:00
0 Plays Today
Year Team % Correct
2000New York Yankees
85.6%
2000New York Mets
84.2%
1951New York Yankees
77%
1953New York Yankees
77%
1952New York Yankees
76.7%
1956New York Yankees
76.4%
1989San Francisco Giants
75.9%
1941New York Yankees
75.8%
1955New York Yankees
75.8%
1989Oakland Athletics
75.5%
1937New York Yankees
75.1%
1949New York Yankees
74.8%
2002San Francisco Giants
74.8%
1936New York Yankees
74.7%
1947New York Yankees
74.4%
1953Brooklyn Dodgers
74.3%
2002Anaheim Angels
74.3%
1955Brooklyn Dodgers
74.2%
1956Brooklyn Dodgers
74.2%
1952Brooklyn Dodgers
74.1%
1951New York Giants
72.9%
Year Team % Correct
1988Los Angeles Dodgers
72.8%
1985St. Louis Cardinals
72.7%
1923New York Yankees
72.7%
1941Brooklyn Dodgers
72.7%
1985Kansas City Royals
72.6%
1949Brooklyn Dodgers
72.2%
1947Brooklyn Dodgers
71.6%
1988Oakland Athletics
71.4%
1937New York Giants
71.3%
1936New York Giants
70.9%
1923New York Giants
69.3%
1921New York Yankees
68.5%
1922New York Yankees
68.1%
1921New York Giants
65.8%
1922New York Giants
65.5%
1974Oakland Athletics
63%
1974Los Angeles Dodgers
62.9%
1906Chicago White Sox
62.2%
1906Chicago Cubs
62.1%
1944St. Louis Cardinals
50%
1944St. Louis Browns
41.7%
Remove Ads.
Support Sporcle.
Get the best of Sporcle when you Go Orange. This ad-free experience offers more features, more stats, and more fun while also helping to support Sporcle. Thank you for becoming a member.

You're not logged in!

Compare scores with friends on all Sporcle quizzes.
OR
Log In

Show Comments

Extras

Top Quizzes Today


Score Distribution

Your Account Isn't Verified!

In order to create a playlist on Sporcle, you need to verify the email address you used during registration. Go to your Sporcle Settings to finish the process.

Report this User

Report this user for behavior that violates our Community Guidelines.

Details: